[Event "Detroit (MOR/1a/25)"]
[Site "?"]
[Date "1994.??.??"]
[Round "?"]
[White "Fuson, R."]
[Black "Alliston, Richard"]
[Result "0-1"]
[WhiteElo "1605"]
[BlackElo "1610"]
[PlyCount "100"]
[EventDate "1994.??.??"]

1. e4 e5 2. Nf3 d6 3. Nc3 Nf6 4. d4 exd4 5. Nxd4 Bd7 6. Bg5 Be7 7. Bd3 Nc6 8.
Nxc6 Bxc6 9. O-O O-O 10. Re1 h6 11. Bf4 Rc8 12. Qd2 Ng4 13. h3 Ne5 14. Bxe5
dxe5 15. Rad1 Bc5 16. Nb5 a6 17. b4 Bb6 18. Nc3 Bd4 19. Ne2 Ba7 20. Ng3 b5 21.
c4 Bd4 22. c5 Qf6 23. Nh5 Qg6 24. g4 Rcd8 25. Ng3 Rfe8 26. Nf5 h5 27. g5 f6 28.
h4 fxg5 29. Qxg5 Qxg5+ 30. hxg5 Bc3 31. Re3 Bxb4 32. Rh3 Bxe4 33. Bxe4 Rxd1+
34. Kg2 Bxc5 35. g6 Red8 36. Rxh5 R8d2 37. Ne7+ Bxe7 38. Rxe5 Kf8 39. Kg3 Bd6
40. f4 Bxe5 41. fxe5 Rxa2 42. Kf4 Rf1+ 43. Ke3 Rff2 44. Kd4 Ra4+ 45. Kd5 Rxe4
46. Kxe4 Ke7 47. Kd5 Rc2 48. Ke4 Rc4+ 49. Kf5 a5 50. e6 a4 0-1

[Event "Detroit (MCO/DEU/2a/7)"]
[Site "?"]
[Date "1994.??.??"]
[Round "?"]
[White "Fuson, G."]
[Black "Young, L."]
[Result "0-1"]
[WhiteElo "1605"]
[BlackElo "1605"]
[PlyCount "40"]
[EventDate "1994.??.??"]

1. e4 c6 2. d4 d5 3. Nc3 dxe4 4. Nxe4 Nd7 5. Nf3 Ngf6 6. Nxf6+ Nxf6 7. Ne5 e6
8. Bg5 Be7 9. Bxf6 Bxf6 10. Ng4 Bxd4 11. Bd3 Bxb2 12. Rb1 Qa5+ 13. Qd2 Bc3 14.
Qxc3 Qxc3+ 15. Ke2 O-O 16. Rhd1 e5 17. Rb3 Bxg4+ 18. f3 Bxf3+ 19. Kxf3 Qd4 20.
Be2 Qf4# 0-1

[Event "Romulus (RVO/3/24)"]
[Site "?"]
[Date "1994.??.??"]
[Round "?"]
[White "Fuson, G."]
[Black "Raupp, Kenneth L"]
[Result "0-1"]
[WhiteElo "1605"]
[BlackElo "1700"]
[PlyCount "64"]
[EventDate "1994.??.??"]

{3/(24)} 1. e4 e6 2. d4 d5 3. Nc3 Bb4 4. Bd2 Bxc3 5. Bxc3 Nf6 6. e5 Nfd7 7. Bb5
O-O 8. Bb4 Re8 9. Nf3 c6 10. Ba4 b5 11. Bb3 a5 12. Bd6 a4 13. Bxd5 exd5 14. O-O
Nf8 15. Bxb8 Rxb8 16. Qd3 Qd7 17. Ng5 Qf5 18. Qd2 Ne6 19. Nf3 Nf4 20. Nh4 Qg4
21. g3 Nh3+ 22. Kg2 Re6 23. Qa5 Nf4+ 24. Kg1 Ne2+ 25. Kg2 Re8 26. f3 Qh3+ 27.
Kf2 Nxd4 28. Rad1 Qxh2+ 29. Ke3 Nxc2+ 30. Kd3 c5 31. Qc7 c4+ 32. Kc3 b4# 0-1

[Event "Grand Rapids (MI Am/4/39)"]
[Site "?"]
[Date "1994.??.??"]
[Round "?"]
[White "Fuson, G."]
[Black "Pecot, Dave"]
[Result "0-1"]
[WhiteElo "1605"]
[BlackElo "1605"]
[PlyCount "106"]
[EventDate "1994.??.??"]

{4/(39)} 1. e4 c5 2. Nf3 d6 3. d3 g6 4. Nc3 Bg7 5. Nd5 Nc6 6. Bf4 Nf6 7. d4
Nxe4 8. Bb5 Qa5+ 9. Nd2 Bxd4 10. O-O Nxd2 11. Qxd2 Qxb5 12. Nc7+ Kd8 13. Nxb5
Bf5 14. Bg5 Bxb2 15. Rab1 Bd4 16. Nxd4 Nxd4 17. Rfe1 f6 18. Be3 Nc6 19. Rxb7
Rb8 20. Rxb8+ Nxb8 21. Qa5+ Kc8 22. Qxa7 Nc6 23. Qa8+ Nb8 24. Rb1 Kd7 25. Rb7+
Kc6 26. Rxb8+ Kc7 27. Rxh8 Kd7 28. Rxh7 Ke6 29. Bf4 Kd7 30. Qa7+ Ke8 31. Rxe7+
Kf8 32. Qa8+ Kxe7 33. Qa7+ Ke6 34. a4 Kd5 35. Qa8+ Ke6 36. a5 Be4 37. f3 Bxa8
38. a6 d5 39. a7 c4 40. c3 d4 41. h4 d3 42. g4 Bxf3 43. g5 Kf5 44. Kf2 Kxf4 45.
gxf6 d2 46. f7 d1=Q 47. f8=Q+ Kg4 48. a8=Q Bxa8 49. Qxa8 Qd2+ 50. Kf1 Qf4+ 51.
Ke1 Qg3+ 52. Kd1 Qf3+ 53. Kc2 Qxa8 0-1

[Event "Detroit (MOR/2/63)"]
[Site "?"]
[Date "1994.??.??"]
[Round "?"]
[White "Fuson, G."]
[Black "Mahabir, Jagdesh"]
[Result "0-1"]
[WhiteElo "1605"]
[BlackElo "1605"]
[PlyCount "64"]
[EventDate "1994.??.??"]

{2/(63)} 1. e4 d6 2. Nf3 Nf6 3. d4 Nxe4 4. Bb5+ Bd7 5. Bxd7+ Nxd7 6. Nc3 Nxc3
7. bxc3 g6 8. Bg5 f6 9. Bf4 Bg7 10. O-O e5 11. dxe5 fxe5 12. Bg5 Qc8 13. Re1
O-O 14. Be7 Rf7 15. Bh4 Nc5 16. Qd5 Qf5 17. Ng5 Raf8 18. Nxf7 Rxf7 19. f3 Qxc2
20. Rac1 Qd3 21. Qe6 Nxe6 22. Red1 Qe3+ 23. Bf2 Qe2 24. Bxa7 Qxa2 25. Ra1 Qb2
26. Rdb1 Qxc3 27. Bf2 e4 28. Ra8+ Rf8 29. Rxf8+ Nxf8 30. fxe4 Bd4 31. Bxd4
Qxd4+ 32. Kf1 Qd3+ 0-1

[Event "Detroit (MOR/5/68)"]
[Site "?"]
[Date "1994.??.??"]
[Round "?"]
[White "Fuson, G."]
[Black "Choate, Eric"]
[Result "1-0"]
[WhiteElo "1605"]
[BlackElo "1605"]
[PlyCount "55"]
[EventDate "1994.??.??"]

{5/(68)} 1. e4 e5 2. Nf3 Nc6 3. Nc3 Bc5 4. Bb5 Qf6 5. d3 Nb4 6. a3 Nc6 7. Bg5
Qf4 8. Bxf4 exf4 9. b4 Bd6 10. Bxc6 bxc6 11. O-O Nf6 12. e5 Bxe5 13. Nxe5 O-O
14. Re1 d6 15. Nxc6 Bg4 16. Ne7+ Kh8 17. f3 Be6 18. Ne4 Nd5 19. c4 Ne3 20. Qd2
Nf5 21. Nxf5 Bxf5 22. Qxf4 g6 23. Qh6 Rg8 24. Nf6 Rg7 25. Re8+ Rxe8 26. Nxe8
Rg8 27. Nf6 Rg7 28. Re1 1-0

[Event "Grand Rapids (MI Am/3/37)"]
[Site "?"]
[Date "1994.??.??"]
[Round "?"]
[White "Fuson, G."]
[Black "Carpenter, S."]
[Result "0-1"]
[WhiteElo "1605"]
[BlackElo "1605"]
[PlyCount "40"]
[EventDate "1994.??.??"]

{3/(37)} 1. e4 e5 2. Nf3 Nc6 3. Nc3 Nf6 4. Bc4 Bb4 5. O-O Bxc3 6. dxc3 Nxe4 7.
Bg5 Nxg5 8. Nxg5 Qxg5 9. Re1 d5 10. Bxd5 O-O 11. Qe2 Bh3 12. Qe3 Qxe3 13. Rxe3
Bf5 14. Bxc6 bxc6 15. Rxe5 Bxc2 16. Re2 Bd3 17. Re3 Rad8 18. Rd1 Rfe8 19. Rexd3
Rxd3 20. Rxd3 Re1# 0-1

[Event "Detroit (MOR/6/59)"]
[Site "?"]
[Date "1994.??.??"]
[Round "?"]
[White "Fuson, G."]
[Black "Biondo, Anthony"]
[Result "0-1"]
[WhiteElo "1605"]
[BlackElo "1605"]
[PlyCount "52"]
[EventDate "1994.??.??"]

{6/(59)} 1. d4 d5 2. Nc3 Nf6 3. e3 e6 4. Bd3 g6 5. Nf3 Bg7 6. O-O O-O 7. Ne5
Nbd7 8. Nxd7 Nxd7 9. e4 dxe4 10. Bxe4 Nb6 11. Ne2 e5 12. dxe5 Qxd1 13. Rxd1
Bxe5 14. Bf4 Nd7 15. Bh6 Re8 16. Rd3 Bxh2+ 17. Kxh2 Rxe4 18. Nc3 Rh4+ 19. Kg1
Rxh6 20. Rad1 b6 21. Nd5 Kg7 22. Nxc7 Rb8 23. Ne8+ Kf8 24. Nd6 Ne5 25. Nxc8
Rxc8 26. Rd5 Nc6 0-1

[Event "Grand Rapids (MI Am/1/36)"]
[Site "?"]
[Date "1994.??.??"]
[Round "?"]
[White "Fuson, G."]
[Black "Baker, T."]
[Result "0-1"]
[WhiteElo "1605"]
[BlackElo "1605"]
[PlyCount "28"]
[EventDate "1994.??.??"]

{1/(36)} 1. e4 e6 2. Nf3 d5 3. d4 Nf6 4. Nc3 c5 5. Bd3 Nc6 6. O-O cxd4 7. Nb5
dxe4 8. Nbxd4 exd3 9. cxd3 Nxd4 10. Be3 Nxf3+ 11. Qxf3 Nd5 12. Rfe1 Nxe3 13.
Rxe3 Bd6 14. Qh3 Bd7 {[Remainder illegible; 0-1, 24?]} 0-1

[Event "Romulus (RVO/5/14)"]
[Site "?"]
[Date "1994.??.??"]
[Round "?"]
[White "Fuller, William"]
[Black "West, Tony"]
[Result "1-0"]
[WhiteElo "2095"]
[BlackElo "1605"]
[PlyCount "79"]
[EventDate "1994.??.??"]

{5/(14)} 1. e4 c5 2. Nc3 Nc6 3. d3 d6 4. Be3 g6 5. Qd2 Bg7 6. Nge2 e6 7. g3
Nge7 8. Bh6 O-O 9. h4 Ne5 10. Bg2 Ng4 11. Bxg7 Kxg7 12. h5 Rh8 13. h6+ Kf8 14.
Qg5 Ne5 15. d4 cxd4 16. Nxd4 N7c6 17. Qxd8+ Nxd8 18. O-O-O Ng4 19. Rd2 Ke7 20.
Ndb5 Bd7 21. Nxd6 Bc6 22. f4 a5 23. e5 Bxg2 24. Rxg2 f6 25. Nc4 fxe5 26. fxe5
Nf7 27. Nd6 Nxd6 28. exd6+ Kxd6 29. Rh4 Ne3 30. Ne4+ Kc6 31. Re2 Nf5 32. Rh1
Rhe8 33. g4 Nd4 34. Re3 b5 35. c3 Rad8 36. cxd4 Rxd4 37. Kb1 Red8 38. Rc1+ Kb6
39. Nf6 e5 40. Rxe5 1-0

[Event "Eastpointe (US Am N/4/11)"]
[Site "?"]
[Date "1994.??.??"]
[Round "?"]
[White "Fuller, William"]
[Black "Tracz, J."]
[Result "1/2-1/2"]
[WhiteElo "2005"]
[BlackElo "1740"]
[PlyCount "102"]
[EventDate "1994.??.??"]

{4/(11)} 1. d4 Nf6 2. c4 c5 3. d5 b5 4. cxb5 a6 5. Nc3 axb5 6. Nxb5 Ba6 7. Nc3
d6 8. e4 Bxf1 9. Kxf1 g6 10. h4 Bg7 11. Qe2 Nbd7 12. Nf3 Qa5 13. Bd2 Qa6 14.
Nb5 O-O 15. Nc3 Rfb8 16. Rb1 Nb6 17. Qxa6 Rxa6 18. Ke2 Na4 19. e5 dxe5 20. Nxe5
h5 21. Nc6 Nxc3+ 22. Bxc3 Rb7 23. Rhd1 Rxa2 24. Kd3 Nxd5 25. Bxg7 Kxg7 26. Kc4
e6 27. Rd2 Nb6+ 28. Kxc5 Na4+ 29. Kd6 Rbxb2 30. Rbxb2 Rxb2 31. Rxb2 Nxb2 32.
Ke7 Nd3 33. Nd8 Nxf2 34. Nxf7 Nd3 35. g3 Nf2 36. Ng5 e5 37. Ne6+ Kh6 38. Kf7
Ne4 39. Kg8 g5 40. Kf7 gxh4 41. gxh4 Nd6+ 42. Kf6 e4 43. Nd4 e3 44. Ke5 Nf7+
45. Kf4 Kg6 46. Kxe3 Ne5 47. Ke4 Ng4 48. Ne2 Nf6+ 49. Ke5 Ng4+ 50. Ke6 Ne3 51.
Nf4+ Kh6 1/2-1/2

[Event "Eastpointe (US Am N/5/13)"]
[Site "?"]
[Date "1994.??.??"]
[Round "?"]
[White "Fuller, William"]
[Black "Smith, Ed"]
[Result "0-1"]
[WhiteElo "1835"]
[BlackElo "2005"]
[PlyCount "120"]
[EventDate "1994.??.??"]

{5/(13)} 1. e4 c5 2. Nf3 d6 3. g3 Nc6 4. d3 g6 5. Nc3 Bg7 6. Be3 Nd4 7. Bg2 e5
8. Qd2 Nxf3+ 9. Bxf3 Be6 10. h4 h5 11. O-O-O Qa5 12. b3 Ne7 13. a4 a6 14. Nb1
Qc7 15. Na3 Nc6 16. Bg2 Nd4 17. Kb1 Rb8 18. Rhf1 b5 19. a5 Nc6 20. f4 Bg4 21.
Rde1 Qxa5 22. Qxa5 Nxa5 23. f5 Bh6 24. fxg6 fxg6 25. Rf6 Bxe3 26. Rxe3 Rf8 27.
Rxd6 Rf2 28. Rxa6 b4 29. Rxa5 bxa3 30. Rxc5 Rxg2 31. Rxe5+ Kf7 32. Re1 Rxg3 33.
Rf1+ Rf3 34. Rxf3+ Bxf3 35. Ka2 Ra8 36. b4 Bg4 37. Rc5 Ra4 38. Rb5 Bd1 39. Rb7+
Ke6 40. c3 Bb3+ 41. Ka1 Bc2 42. Rb6+ Ke5 43. Rb5+ Kf4 44. Rd5 Bb3 45. Rd6 g5
46. Rf6+ Kg4 47. hxg5 Kxg5 48. Rf5+ Kg4 49. b5 Ra8 50. Rf6 Bc2 51. Rg6+ Kf4 52.
Rd6 h4 53. c4 Rh8 54. b6 h3 55. Rf6+ Ke3 56. c5 Bxd3 57. b7 h2 58. Rh6 Rxh6 59.
b8=Q h1=Q+ 60. Ka2 Rh2+ 0-1

[Event "Romulus (RVO/3/13)"]
[Site "?"]
[Date "1994.??.??"]
[Round "?"]
[White "Fuller, William"]
[Black "Matias, I.C."]
[Result "1-0"]
[WhiteElo "2095"]
[BlackElo "1645"]
[PlyCount "83"]
[EventDate "1994.??.??"]

{3/(13)} 1. e4 e6 2. d4 d5 3. e5 c5 4. c3 Nc6 5. Nf3 cxd4 6. cxd4 Bb4+ 7. Bd2
Bxd2+ 8. Qxd2 Nge7 9. Bd3 Qb6 10. Nc3 a6 11. O-O O-O 12. Rad1 f5 13. exf6 Rxf6
14. Rfe1 Bd7 15. Na4 Qc7 16. Nc5 Re8 17. Rc1 Bc8 18. b4 Nf5 19. a4 Qf7 20. Bb1
Qh5 21. b5 axb5 22. axb5 Nce7 23. Rc3 Qg4 24. h3 Qh5 25. Ne5 Qh4 26. g4 b6 27.
Ncd7 Bxd7 28. Nxd7 Rg6 29. Ne5 Rf6 30. gxf5 Nxf5 31. Bxf5 Rxf5 32. Rg3 Ref8 33.
Ng4 Rf3 34. Kg2 h5 35. Rxf3 Rxf3 36. Kxf3 hxg4+ 37. hxg4 Qh3+ 38. Kf4 Qh6+ 39.
g5 Qh4+ 40. Ke5 Qh3 41. Qf4 Qc3 42. Rc1 1-0

[Event "Romulus (RVO/1/6)"]
[Site "?"]
[Date "1994.??.??"]
[Round "?"]
[White "Fuller, William"]
[Black "Lauer, R."]
[Result "1/2-1/2"]
[WhiteElo "2095"]
[BlackElo "1605"]
[PlyCount "117"]
[EventDate "1994.??.??"]

{1/(6)} 1. d4 b6 2. e4 Bb7 3. Bd3 e6 4. Nf3 g6 5. O-O Bg7 6. c3 Ne7 7. Be3 d5
8. e5 O-O 9. Qd2 Nd7 10. Bh6 c5 11. Na3 c4 12. Bc2 a6 13. h4 Nf5 14. Bxf5 exf5
15. Rae1 Re8 16. Bxg7 Kxg7 17. Ng5 h6 18. Nxf7 Kxf7 19. Qxh6 Nf8 20. h5 Re6 21.
hxg6+ Kg8 22. Re3 Rxg6 23. Rg3 Qe8 24. Nc2 Qe6 25. Ne3 Kf7 26. Qf4 Bc8 27. b3
b5 28. Qf3 Kg7 29. bxc4 bxc4 30. Rb1 Qf7 31. Rb6 Be6 32. Nxc4 Rxg3 33. Qxg3+
Qg6 34. Rb7+ Nd7 35. Nb6 Rb8 36. Rxd7+ Bxd7 37. Qxg6+ Kxg6 38. Nxd7 Rb1+ 39.
Kh2 Rc1 40. Nf6 Rxc3 41. Nxd5 Rc2 42. Kg3 Rxa2 43. Ne7+ Kf7 44. Nxf5 Ke6 45.
Ne3 a5 46. Kf3 a4 47. Ke4 Rxf2 48. d5+ Ke7 49. Nc4 Rc2 50. Kd3 Rxg2 51. Kc3 Re2
52. Kb4 Re4 53. Kc5 a3 54. Nxa3 Rxe5 55. Kc6 Kd8 56. d6 Ra5 57. Nc4 Ra6+ 58.
Nb6 Ra1 59. Nc4 1/2-1/2

[Event "Eastpointe (US Am N/2/9)"]
[Site "?"]
[Date "1994.??.??"]
[Round "?"]
[White "Fuller, William"]
[Black "Collins, Charles"]
[Result "1-0"]
[WhiteElo "2005"]
[BlackElo "1710"]
[PlyCount "57"]
[EventDate "1994.??.??"]

{2/(9)} 1. d4 Nf6 2. Nf3 g6 3. Bg5 Bg7 4. c3 d6 5. Nbd2 Nbd7 6. e4 e5 7. Bc4 c6
8. dxe5 dxe5 9. Qe2 b5 10. Bb3 Qc7 11. a4 a6 12. O-O O-O 13. axb5 cxb5 14. Rfd1
Bb7 15. Ne1 Nc5 16. f3 Nxb3 17. Nxb3 Rfd8 18. Nd3 h6 19. Bxf6 Bxf6 20. Na5 Rac8
21. Nxb7 Qxb7 22. Nb4 Rxd1+ 23. Rxd1 Bg7 24. Nd5 Bf8 25. b4 Be7 26. Qf2 Kg7 27.
Qg3 f6 28. Qh3 Rc6 29. Nxe7 1-0

[Event "Grand Rapids (MI Am/1/10)"]
[Site "?"]
[Date "1994.??.??"]
[Round "?"]
[White "Friedland, J."]
[Black "Williams, Ken"]
[Result "0-1"]
[WhiteElo "1605"]
[BlackElo "1860"]
[PlyCount "106"]
[EventDate "1994.??.??"]

{1/(10)} 1. e4 e5 2. Nf3 Nc6 3. d4 exd4 4. Nxd4 Bc5 5. c3 Nge7 6. Be3 Bb6 7.
Be2 O-O 8. O-O d6 9. Nd2 d5 10. exd5 Nxd4 11. cxd4 Nxd5 12. Nf3 Re8 13. Bg5 Qd6
14. Re1 Bg4 15. h3 Bh5 16. Rc1 c6 17. Ne5 Bxe2 18. Rxe2 Bc7 19. Nf3 f6 20. Bh4
Qd7 21. Nd2 Rxe2 22. Qxe2 Re8 23. Qc4 Qe6 24. Rf1 g5 25. Bg3 Bxg3 26. fxg3 Ne3
27. Qxe6+ Rxe6 28. Re1 Kf7 29. Kf2 Nc2 30. Rc1 Nxd4 31. Rc4 Re2+ 32. Kf1 Rxd2
33. Ke1 Rd3 34. Ra4 a6 35. g4 Ke6 36. Ra5 Re3+ 37. Kd2 Re5 38. Ra4 Rd5 39. Kd3
Ke5 40. Rb4 b5 41. a4 a5 42. Rxd4 Rxd4+ 43. Kc3 Rxa4 44. b3 Rb4 45. Kc2 Kf4 46.
Kd2 Rxb3 47. Ke2 a4 48. Kf2 a3 49. g3+ Rxg3 50. h4 a2 51. hxg5 a1=Q 52. gxf6
Qb2+ 53. Kf1 Qh2 0-1

[Event "Grand Rapids (MI Am/3/20)"]
[Site "?"]
[Date "1994.??.??"]
[Round "?"]
[White "Friedland, J."]
[Black "Smalec, John"]
[Result "0-1"]
[WhiteElo "1605"]
[BlackElo "1700"]
[PlyCount "90"]
[EventDate "1994.??.??"]

{3/(20)} 1. e4 e6 2. Nc3 d5 3. exd5 exd5 4. d4 Bb4 5. Bd2 Nf6 6. Nf3 Bg4 7. Be2
O-O 8. O-O Nc6 9. a3 Ba5 10. b4 Bb6 11. Bg5 a6 12. a4 Nxb4 13. a5 Ba7 14. Rb1
c5 15. dxc5 Bxc5 16. Na4 Qxa5 17. Nxc5 Qxc5 18. Bxf6 gxf6 19. Nh4 Be6 20. Bd3
Nxd3 21. cxd3 b5 22. d4 Qd6 23. Qf3 Bd7 24. Qg3+ Qxg3 25. fxg3 Kg7 26. Nf5+
Bxf5 27. Rxf5 Rfd8 28. Rbf1 Rd6 29. g4 h6 30. h4 Ra7 31. Kf2 b4 32. Rb1 a5 33.
Ke3 Rb7 34. Kd3 a4 35. Rf2 Rc6 36. Ra2 a3 37. Rxa3 bxa3 38. Rxb7 Ra6 39. Rb1 a2
40. Ra1 Ra3+ 41. Kc2 Rg3 42. g5 fxg5 43. hxg5 hxg5 44. Rxa2 Rxg2+ 45. Kb3 Rxa2
0-1

[Event "Detroit (Class B/3/11)"]
[Site "?"]
[Date "1994.??.??"]
[Round "?"]
[White "Franklin, Stan"]
[Black "Zubatch, Steve"]
[Result "1-0"]
[WhiteElo "1665"]
[BlackElo "1700"]
[PlyCount "77"]
[EventDate "1994.??.??"]

{3/(11)} 1. f4 Nf6 2. Nf3 g6 3. d4 Bg7 4. e3 d6 5. Be2 O-O 6. O-O Bf5 7. c4
Nbd7 8. Nh4 e6 9. Nxf5 exf5 10. Nc3 Re8 11. Bf3 Rb8 12. h3 c6 13. g4 fxg4 14.
hxg4 Nb6 15. b3 d5 16. c5 Nbd7 17. Kg2 Ne4 18. Nxe4 dxe4 19. Be2 Nxc5 20. Rh1
Ne6 21. Rh3 Nf8 22. Ba3 Qd7 23. Qe1 Bf6 24. Bxf8 Kxf8 25. Rxh7 Ke7 26. g5 Bh8
27. Qh4 Rg8 28. Rh1 Bg7 29. Qg3 Rh8 30. Rxg7 Rxh1 31. Kxh1 Rh8+ 32. Kg2 b5 33.
Bg4 Qd5 34. f5 gxf5 35. g6 fxg4 36. Rxf7+ Qxf7 37. gxf7 Kxf7 38. Qc7+ Kg8 39.
Qxc6 1-0

[Event "Detroit (Class B/4/7)"]
[Site "?"]
[Date "1994.??.??"]
[Round "?"]
[White "Franklin, Stan"]
[Black "Tracz, J."]
[Result "0-1"]
[WhiteElo "1665"]
[BlackElo "1710"]
[PlyCount "122"]
[EventDate "1994.??.??"]

{4/(7)} 1. f4 d5 2. Nf3 c5 3. e3 Nc6 4. Be2 Nf6 5. O-O h6 6. b3 Bf5 7. Bb2 e6
8. d3 Bd6 9. Qe1 Qe7 10. Ne5 O-O-O 11. Nxc6 bxc6 12. Qa5 Qc7 13. Qxc7+ Bxc7 14.
c4 Rhg8 15. h3 Nd7 16. Nd2 g5 17. fxg5 Rxg5 18. Nf3 Rg3 19. Kf2 Rdg8 20. Nh4
Bh7 21. Rg1 Ne5 22. d4 Nd3+ 23. Bxd3 Bxd3 24. cxd5 exd5 25. dxc5 R3g5 26. Kf3
Be4+ 27. Ke2 Bxg2 28. Bf6 Rg3 29. Nxg2 Rxg2+ 30. Rxg2 Rxg2+ 31. Kd3 Rh2 32. h4
Bg3 33. a3 Bxh4 34. Bxh4 Rxh4 35. Rf1 Kb7 36. Rxf7+ Ka6 37. Rc7 Kb5 38. b4 a5
39. bxa5 Kxc5 40. a6 Ra4 41. a7 Rxa3+ 42. Kd2 Kb6 43. Rh7 Rxa7 44. Rxh6 Ra4 45.
Rd6 Kc5 46. Rd8 Rb4 47. Kc3 Rc4+ 48. Kd3 Rb4 49. Kc3 Rc4+ 50. Kd3 Ra4 51. Rb8
Ra3+ 52. Kd2 Kc4 53. Rb2 Rd3+ 54. Ke2 c5 55. Rc2+ Rc3 56. Rd2 d4 57. exd4 cxd4
58. Kd1 Rd3 59. Kc2 Rxd2+ 60. Kxd2 d3 61. Kc1 Kc3 0-1

[Event "Detroit (Class B/1/7)"]
[Site "?"]
[Date "1994.??.??"]
[Round "?"]
[White "Franklin, Stan"]
[Black "Mankiewicz, Ryan"]
[Result "0-1"]
[WhiteElo "1665"]
[BlackElo "1745"]
[PlyCount "76"]
[EventDate "1994.??.??"]

{1/(7)} 1. f4 d5 2. Nf3 Nf6 3. e3 c5 4. b3 g6 5. Bb2 Bg7 6. c4 e6 7. Be2 Nc6 8.
cxd5 exd5 9. O-O O-O 10. a3 Bg4 11. Qc2 Bxf3 12. Bxf3 Qd6 13. Nc3 Rfd8 14. Rac1
b6 15. Nb5 Qe7 16. f5 Rac8 17. fxg6 hxg6 18. Rce1 a6 19. Nc3 Qc7 20. Ne2 Ne5
21. Ng3 c4 22. Be2 Nfd7 23. b4 Nd3 24. Bxd3 cxd3 25. Qxc7 Rxc7 26. Bxg7 Kxg7
27. Rc1 Rdc8 28. Rxc7 Rxc7 29. Ra1 Rc2 30. Nf1 Ne5 31. Kf2 Nc4 32. Ke1 Rb2 33.
h3 Rb3 34. Kf2 Rxa3 35. Rxa3 Nxa3 36. Nh2 Nc2 37. b5 a5 38. Nf3 a4 0-1

[Event "Romulus (RVO/1/24)"]
[Site "?"]
[Date "1994.??.??"]
[Round "?"]
[White "Franke, R."]
[Black "Timberlake, B."]
[Result "1-0"]
[WhiteElo "1800"]
[BlackElo "1605"]
[PlyCount "51"]
[EventDate "1994.??.??"]

{1/(24)} 1. d4 Nf6 2. c4 g6 3. Nc3 e6 4. e4 d5 5. e5 Ne4 6. Nf3 Nxc3 7. bxc3 h6
8. Bd3 c5 9. Qc2 Qc7 10. O-O Nc6 11. a3 Bd7 12. Be3 b6 13. cxd5 exd5 14. Bxg6
Be6 15. Bf5 Qd7 16. Bxe6 Qxe6 17. Rfb1 Rg8 18. g3 Rg6 19. Qa4 Kd7 20. Rxb6 f6
21. Rab1 a5 22. exf6 Rxf6 23. Ne5+ Ke8 24. Rxc6 Qf5 25. Rxf6+ Ke7 26. Rxf5 1-0

[Event "Eastpointe (US Am N/3/17)"]
[Site "?"]
[Date "1994.??.??"]
[Round "?"]
[White "Franke, R."]
[Black "Solski, Jeff"]
[Result "1-0"]
[WhiteElo "1800"]
[BlackElo "1605"]
[PlyCount "119"]
[EventDate "1994.??.??"]

{3/(17)} 1. d4 Nf6 2. c4 g6 3. Nc3 Bg7 4. e4 d6 5. f4 O-O 6. Nf3 c6 7. Be2 Bg4
8. O-O Nbd7 9. h3 Bxf3 10. Bxf3 Re8 11. e5 Nh5 12. Bxh5 gxh5 13. Qxh5 Qb6 14.
Qe2 dxe5 15. fxe5 Nxe5 16. Be3 Ng6 17. Qf2 Qb4 18. Qe2 e5 19. d5 Nf4 20. Bxf4
exf4 21. Qd2 Re4 22. Nxe4 Qxd2 23. Nxd2 Bxb2 24. Rab1 Bd4+ 25. Kh1 Be3 26. Nf3
cxd5 27. cxd5 Rd8 28. Rxb7 Rxd5 29. Rb2 h6 30. Rfb1 Ra5 31. Nd2 Ra4 32. Nb3 h5
33. Re2 a5 34. Rbb2 f5 35. Rbc2 Kg7 36. g3 Kg6 37. gxf4 Bxf4 38. Rc5 Bg3 39.
Rxa5 Rf4 40. Kg2 h4 41. Rd5 Rc4 42. Rdd2 Kg5 43. Rc2 Rb4 44. Re3 f4 45. Rf3 Kf5
46. Rfc3 Rb8 47. Kf3 Rg8 48. Rc5+ Ke6 49. Nd4+ Kd6 50. Nf5+ Kd7 51. Nh6 Ra8 52.
Ng4 Ra3+ 53. R5c3 Ra8 54. Ne5+ Ke6 55. Nd3 Kd5 56. Nxf4+ Kd4 57. Ne2+ Kd5 58.
Nxg3 Rf8+ 59. Kg4 hxg3 60. Kxg3 1-0

[Event "Romulus (RVO/5/20)"]
[Site "?"]
[Date "1994.??.??"]
[Round "?"]
[White "Franke, R."]
[Black "Miller, J."]
[Result "1-0"]
[WhiteElo "1800"]
[BlackElo "1605"]
[PlyCount "83"]
[EventDate "1994.??.??"]

{5/(20)} 1. d4 d5 2. c4 e6 3. e3 c6 4. Nf3 Bd6 5. Nc3 Nd7 6. a3 Ngf6 7. c5 Bc7
8. Bd3 b6 9. b4 a5 10. Bd2 axb4 11. axb4 Bb7 12. O-O O-O 13. Qc2 g6 14. e4 Re8
15. e5 Nh5 16. Bg5 Qb8 17. g4 Ng7 18. Qb2 Bd8 19. Rxa8 Qxa8 20. Ra1 Qc8 21. Qd2
b5 22. Kg2 Qc7 23. h4 f6 24. exf6 Nxf6 25. Kh3 Qd7 26. Ne5 Qc7 27. Ne2 Nd7 28.
Nxd7 Qxd7 29. Ra7 Bxg5 30. Qxg5 Rf8 31. f4 Ra8 32. Rxa8+ Bxa8 33. Qe5 Qd8 34.
Kg3 Qf8 35. Ng1 Bb7 36. Qc7 Qf7 37. Qxf7+ Kxf7 38. Nf3 Bc8 39. Ne5+ Ke7 40.
Nxc6+ Kd7 41. Ne5+ Kc7 42. Bxb5 1-0

[Event "Eastpointe (US Am N/1b/15)"]
[Site "?"]
[Date "1994.??.??"]
[Round "?"]
[White "Franke, R."]
[Black "Mahabir, Jagdesh"]
[Result "1-0"]
[WhiteElo "1800"]
[BlackElo "1605"]
[PlyCount "49"]
[EventDate "1994.??.??"]

1. d4 d6 2. c4 Nf6 3. Nc3 g6 4. e4 Bg7 5. f4 Bg4 6. Be2 Bxe2 7. Ngxe2 Nc6 8.
O-O e5 9. d5 Ne7 10. fxe5 dxe5 11. b4 c6 12. a3 cxd5 13. cxd5 Qb6+ 14. Kh1 Rd8
15. Qd3 Ng4 16. Qf3 Qf6 17. h3 Qxf3 18. Rxf3 Nf6 19. Bg5 Rd6 20. Raf1 Nd7 21.
Bxe7 f6 22. Bxd6 b5 23. Nxb5 Nb6 24. Bc5 Nc4 25. Rd3 1-0

[Event "Eastpointe (MI Action/6/15)"]
[Site "?"]
[Date "1994.??.??"]
[Round "?"]
[White "Franke, R."]
[Black "Jackson, K."]
[Result "1/2-1/2"]
[WhiteElo "1800"]
[BlackElo "1605"]
[PlyCount "74"]
[EventDate "1994.??.??"]

{6/(15)} 1. d4 d5 2. c4 c5 3. e3 Nc6 4. dxc5 e6 5. Nc3 Bxc5 6. cxd5 exd5 7.
Qxd5 Qxd5 8. Nxd5 Be6 9. Nc7+ Ke7 10. Nxa8 Nf6 11. Bd3 Rxa8 12. Nf3 Nb4 13. Ke2
Rd8 14. Rd1 Ng4 15. b3 b6 16. Bb2 Nf6 17. Rac1 Nxa2 18. Bxf6+ Kxf6 19. Ra1 Nc3+
20. Kd2 Nxd1 21. Rxd1 Bxb3 22. Rb1 Bc4 23. Ne1 a5 24. Ke2 Be6 25. f3 a4 26. Nc2
a3 27. Ra1 a2 28. Bb5 Rc8 29. Kd3 Bd6 30. Nd4 Ra8 31. Nxe6 Ra3+ 32. Ke2 fxe6
33. Bc4 Be5 34. Rxa2 Rxa2+ 35. Bxa2 b5 36. Bb1 h6 37. Be4 g5 1/2-1/2

[Event "Romulus (RVO/3/23)"]
[Site "?"]
[Date "1994.??.??"]
[Round "?"]
[White "Franke, R."]
[Black "Dowling, James"]
[Result "1/2-1/2"]
[WhiteElo "1800"]
[BlackElo "1605"]
[PlyCount "148"]
[EventDate "1994.??.??"]

{3/(23)} 1. d4 d5 2. c4 c6 3. Nf3 Bf5 4. e3 e6 5. Bd3 Bxd3 6. Qxd3 Nd7 7. O-O
Bd6 8. Nc3 Ngf6 9. e4 dxe4 10. Nxe4 Nxe4 11. Qxe4 Nf6 12. Qc2 h6 13. a3 a5 14.
Re1 Qc7 15. Bd2 Ng4 16. g3 O-O-O 17. Kg2 Rhe8 18. c5 Bf8 19. Qa4 Rd5 20. Bxa5
Qb8 21. h3 Nf6 22. Bd2 Kd7 23. Bf4 Qa8 24. Qxa8 Rxa8 25. g4 g5 26. Be3 Bg7 27.
Ne5+ Ke8 28. Rad1 Nd7 29. Nc4 Rb8 30. Nd6+ Kf8 31. Ne4 Nf6 32. Nc3 Rd7 33. Rd2
Nd5 34. Nxd5 Rxd5 35. f3 Bf6 36. Kf1 Bd8 37. Red1 f5 38. f4 Bf6 39. fxg5 hxg5
40. gxf5 exf5 41. Bg1 Rbd8 42. Ke2 f4 43. b4 Rf5 44. Kf3 Ra8 45. Rd3 Kf7 46.
Kg4 Kg6 47. Re1 Rd5 48. Bf2 Rad8 49. Red1 Re8 50. a4 Re4 51. b5 cxb5 52. axb5
Re2 53. R1d2 Rxd2 54. Rxd2 Bd8 55. Rc2 Rf5 56. c6 bxc6 57. bxc6 Bc7 58. Kf3 Rf7
59. d5 Kf5 60. Bc5 Ke5 61. Re2+ Kxd5 62. Rc2 Kxc6 63. Be7+ Kd7 64. Bxg5 Ke6 65.
Rc4 Rh7 66. h4 Bd6 67. Kg4 Rf7 68. Re4+ Kd5 69. Kf3 Rf5 70. Ra4 Rf7 71. Ra5+
Ke6 72. Ra4 Rf5 73. Kg4 Rf7 74. Re4+ Kd5 1/2-1/2

[Event "Eastpointe (MI Action/4/16)"]
[Site "?"]
[Date "1994.??.??"]
[Round "?"]
[White "Franke, R."]
[Black "Domka, D."]
[Result "1-0"]
[WhiteElo "1800"]
[BlackElo "1605"]
[PlyCount "104"]
[EventDate "1994.??.??"]

{4/(16)} 1. d4 d5 2. c4 dxc4 3. Nc3 Bf5 4. e4 Bg6 5. Bxc4 e6 6. Nf3 Bb4 7. Qc2
Nc6 8. Be3 Nf6 9. Bd3 O-O 10. O-O h6 11. h3 a6 12. a3 Ba5 13. Rad1 Bb6 14. e5
Bxd3 15. Rxd3 Nd5 16. Nxd5 Qxd5 17. Rc1 f6 18. Qc4 fxe5 19. Qxd5 exd5 20. dxe5
Bxe3 21. fxe3 Rad8 22. Rcd1 b5 23. Rxd5 Rxd5 24. Rxd5 Rd8 25. Rxd8+ Nxd8 26.
Kf2 Kf7 27. Ke2 Ke6 28. Kd3 Nc6 29. Nd4+ Nxd4 30. Kxd4 g5 31. b4 h5 32. g3 h4
33. g4 c6 34. e4 c5+ 35. Kxc5 Kxe5 36. Kb6 Kxe4 37. Kxa6 Kf3 38. Kxb5 Kg3 39.
a4 Kxh3 40. a5 Kxg4 41. a6 h3 42. a7 Kg3 43. a8=Q g4 44. Qh1 Kh4 45. Kc5 g3 46.
b5 h2 47. Qg2 Kg4 48. b6 h1=Q 49. Qxh1 Kf4 50. Qg2 Kg4 51. b7 Kf4 52. b8=Q+ Kg5
1-0